| 000 | 00338pab a2200133 454500 | ||
|---|---|---|---|
| 008 | 180718b xxu||||| |||| 00| 0 eng d | ||
| 100 | _aVincent, Jeffrey R. | ||
| 245 | _aRent capture and the feasibility of tropical forest management | ||
| 300 | _a212-23 | ||
| 362 | _a10 May | ||
| 650 | _aForests | ||
| 773 | _aLand Economics | ||
| 909 | _a9024 | ||
| 999 |
_c9024 _d9024 |
||